Statistiques concernant Personnages de fiction en images - X

Cliquez ici pour prendre le quiz!

Statistiques générales

  • Ce quiz a été pris 7 046 fois
  • Le résultat moyen est 4 sur 16

Statistiques - réponses

Réponse% Correct
Xena
58%
Xavier Foster
46%
Xenophilius Lovegood
40%
Xerneas
40%
Xatu
37%
Xénomorphe
37%
Xana
27%
Xerxes
22%
Xayah
19%
Xélor
12%
Xander Cage
10%
Xanto
9%
Princesse {Xhampi}
4%
Xion
4%
Xanthous
3%
Xandra
2%

Distribution des résultats

Percentile par nombre de réponses

% des personnes avec chaque résultat

Votre développement - résultats

Vous n’avez pas pris ce quiz